The mothercare guide child health

Bibliographic Details
Main Author: Stanway, Penny
Format: Book
Published: London : Conran Octopus Limited , 1988
Subjects:

MARC

LEADER 00000cam a2200000 7i4500
001 0000009736
002 000010602
005 20000330.0
020 |a 1850291365 
090 0 0 |a 649   |b STA 
100 1 |a Stanway, Penny   |f (Dr) 
245 1 4 |a The mothercare guide child health   |c Dr.Penny Stanway 
260 |a London :   |b Conran Octopus Limited ,   |c 1988 
300 |a 224p. :   |b ill. ;   |c 24cm. 
650 0 0 |a Children   |x Health and hygiene 
999 |a 016249   |b BUKU   |c PINJAMAN   |e PERPUSTAKAAN KOMUNITI PETALING JAYA